| 000 | 00523cam a2200181ua 4500 | ||
|---|---|---|---|
| 001 | 5519 | ||
| 008 | 131002n ii |||gr||||Z||||||eng | ||
| 020 | _a978-81-7273-564-7 | ||
| 040 | _cMAIN | ||
| 082 | _a004 | ||
| 245 | 1 | 1 |
_aLearn And Teach Computer Science : _bBased on UNESCO ICT Initiatives / _cby Mukesh Chandrakar . |
| 260 |
_aDelhi: _bAuthorspress, _c2011. |
||
| 300 | _av,187p. | ||
| 653 | _acomputer science | ||
| 653 | _aLearn And Teach Computer Science | ||
| 700 | 1 |
_aChandrakar,Mukesh, _eAuthor. |
|
| 942 | _cBK | ||
| 999 |
_c4691 _d4691 |
||